00369nam a2200145Ia 4500008004100000020001500041041001200056082001600068100001600084245005800100260002500158300000900183650000800192700002300200221030s9999 xx 000 0 und d a0074633694 aEnglish a105.23bSin aM. D. Singh 0aPower Electronicscby M. D. Singh, K. B. Khanchandani bTMHaNew Delhic2005 a1046 aECE aK. B. Khanchandani